|
|
|
|
| LEADER |
00000nsc a2200000 a 4500 |
| 001 |
111043 |
| 005 |
20230308220654.0 |
| 008 |
014032|2012 ||||||||r|||||||||||spa|| |
| 020 |
|
|
|a 9789942990617
|
| 040 |
|
|
|b spa
|
| 041 |
1 |
|
|a spa
|
| 082 |
0 |
|
|a 325.2
|
| 100 |
1 |
|
|a Ramírez G., Jacques
|9 305307
|
| 245 |
|
|
|a Ciudad-estado, inmigrantes y políticas. Ecuador, 1890-1950
|c Jacques Ramírez G.
|h imp
|
| 264 |
|
|
|a Quito
|b Instituto de Altos Estudios Nacionales
|c 2012
|
| 300 |
|
|
|a 289 páginas:
|c 22 cm
|
| 490 |
|
|
|a Estudios Migratorios
|v v. 2
|
| 500 |
|
|
|a http://iaen.edu.ec/wp-content/uploads/2013/10/Ciudad-Estado-inmigrantes-y-poli%CC%81ticas.pdf
|
| 504 |
|
|
|a incl. ref.
|
| 653 |
|
|
|a MIGRACION
|
| 650 |
|
|
|a Inmigracion
|9 17954
|
| 650 |
|
|
|a Emigracion
|9 3281
|
| 650 |
|
|
|a Politica gubernamental
|9 12104
|
| 650 |
|
|
|a Flujos migratorios
|9 50567
|
| 650 |
|
|
|a Ecuador
|
| 852 |
|
|
|a UC-CDJBV
|c PRIMER PISO
|f Compra
|k lucia.mora
|l 1
|m General
|p 20140326
|q 16.66
|r 2
|t 111043
|w Aula de Derechos Humanos
|y 64368
|b 0
|d CDRC
|e CDRC
|g 325.2 PRIMER PISO
|z 2014-40-32
|
| 856 |
|
|
|a http://sibuc.ucuenca.edu.ec/portada/111043.jpg
|
| 942 |
|
|
|0 1
|
| 999 |
|
|
|c 134523
|d 134523
|